<?xml version="1.0" encoding="UTF-8"?>
<record
    xmlns:xsi="http://www.w3.org/2001/XMLSchema-instance"
    xsi:schemaLocation="http://www.loc.gov/MARC21/slim http://www.loc.gov/standards/marcxml/schema/MARC21slim.xsd"
    xmlns="http://www.loc.gov/MARC21/slim">

  <leader>00729cam6a220020500 4500</leader>
  <controlfield tag="001">tmp15738996</controlfield>
  <controlfield tag="003">UPRA</controlfield>
  <controlfield tag="005">20190830110108.0</controlfield>
  <controlfield tag="008">951017s1869    xx                  spa u</controlfield>
  <datafield tag="035" ind1=" " ind2=" ">
    <subfield code="a">(Sirsi) r69246</subfield>
  </datafield>
  <datafield tag="050" ind1=" " ind2=" ">
    <subfield code="a">RARE DP702 GAR 1869</subfield>
  </datafield>
  <datafield tag="100" ind1="2" ind2=" ">
    <subfield code="a">Garcia Ramos, Accurcio</subfield>
  </datafield>
  <datafield tag="245" ind1="1" ind2="0">
    <subfield code="a">Notica do archipelago dos Acores :</subfield>
    <subfield code="b">e do que ha mais importante na sua historia natural./</subfield>
    <subfield code="c">Accurcio Garcia Ramos.</subfield>
  </datafield>
  <datafield tag="246" ind1="3" ind2="0">
    <subfield code="a">Noticia do archipelago dos Acores</subfield>
  </datafield>
  <datafield tag="260" ind1=" " ind2=" ">
    <subfield code="a">Angra do Heroismo, Typ. Terceirense,</subfield>
    <subfield code="c">1869.</subfield>
  </datafield>
  <datafield tag="300" ind1=" " ind2=" ">
    <subfield code="a">xii,150p.:</subfield>
    <subfield code="b">ill.</subfield>
  </datafield>
  <datafield tag="504" ind1=" " ind2=" ">
    <subfield code="a">Includes bibliographical references.</subfield>
  </datafield>
  <datafield tag="650" ind1=" " ind2="0">
    <subfield code="a">Azores -- Description and travel.</subfield>
    <subfield code="x">Azores -- Description and travel.</subfield>
    <subfield code="6">S22036.1</subfield>
  </datafield>
  <datafield tag="949" ind1=" " ind2=" ">
    <subfield code="a">DP702</subfield>
  </datafield>
  <datafield tag="999" ind1=" " ind2=" ">
    <subfield code="c">187858</subfield>
    <subfield code="d">187858</subfield>
  </datafield>
</record>
